000 00740nam a2200265 i 4500
001 C2-0128029
003 PPAK
005 20180727120506.0
008 970913s1994 my |||| ||||| | may d
020 _a9677702092
040 _aPPAK
_beng
_cPPAK
_erda
082 0 4 _a899.233
_223
090 0 0 _a899.233
_bJAN
_dK
100 1 _aJane, S.R.,
_eauthor
245 1 0 _aSuasana Halloween
264 1 _aKuala Lumpur :
_bPustaka Yakin Pelajar Sdn. Bhd. ,
_c1994
300 _a[n.p.] ;
_c25 cm
336 _2rdacontent
_atext
337 _2rdamedia
_aunmediated
338 _2rdacarrier
_avolume
490 1 _aKisah menarik di hutan Pukaki
650 1 0 _aChildren's stories, Malay
830 0 _aKisah menarik di hutan Pukaki
942 _ddc
_cB
999 _c38498
_d38498